Statistics for Flags of Subnational Units 11

Click here to take the quiz!

General Stats

  • This quiz has been taken 29 times
  • The average score is 8 of 20

Answer Stats

Answer% Correct
Kinshasa
81%
Jerusalem
76%
Tasmania
76%
Dubai
71%
Asturias
67%
South Georgia and South Sandwich Islands
67%
Michigan
57%
Saint Helena
57%
Massachusetts
48%
Rio de Janeiro
38%
Tbilisi
38%
Neuchâtel
33%
Yaroslav Oblast
29%
Los Lagos Region
14%
Sendai
14%
Dalarna County
10%
George Town
10%
Hsinchu City
10%
Poltava
10%
Marseilles
5%

Score Distribution

Percentile by Number Answered

Percent of People with Each Score

Your Score History

You have not taken this quiz